| 000 | 02117nam a22004211i 4500 | ||
|---|---|---|---|
| 001 | ebr10777892 | ||
| 003 | CaPaEBR | ||
| 006 | m o d | ||
| 007 | cr cn||||||||| | ||
| 008 | 131101s2013 sz a ob 101 0 eng d | ||
| 020 | _z9783037858516 | ||
| 020 | _a9783038262329 (e-book) | ||
| 040 |
_aCaPaEBR _beng _erda _epn _cCaPaEBR |
||
| 035 | _a(OCoLC)868961256 | ||
| 050 | 1 | 4 |
_aTN605 _b.F76 2013eb |
| 245 | 0 | 0 |
_aFrontiers of materials, chemical and metallurgical technologies : _bselected, peer reviewed papers from the 2013 International Conference on Chemical Engineering, Metallurgical Engineering and Metallic Materials II (CMMM 2013) August 3-4, 2013, Dali, China / _cedited by Jimmy (C. M.) Kao, Wen-Pei Sung and Ran Chen. |
| 246 | 3 | 0 | _aCMMM 2013 |
| 246 | 3 | 0 | _a2013 International Conference on Chemical Engineering, Metallurgical Engineering and Metallic Materials |
| 264 | 1 |
_aDurnten-Zurich, Switzerland ; _aEnfield, NH : _bTrans Tech Publications, _c[2013] |
|
| 264 | 4 | _c�2013 | |
| 300 |
_a1 online resource (519 pages) : _billustrations. |
||
| 336 |
_atext _2rdacontent |
||
| 337 |
_acomputer _2rdamedia |
||
| 338 |
_aonline resource _2rdacarrier |
||
| 440 | 0 |
_aAdvanced materials research, _x1662-8985 ; _vv. 803 |
|
| 504 | _aIncludes bibliographical references and indexes. | ||
| 588 | _aDescription based on online resource; title from PDF title page (ebrary, viewed November 01, 2013). | ||
| 590 | _aElectronic reproduction. Palo Alto, Calif. : ebrary, 2013. Available via World Wide Web. Access may be limited to ebrary affiliated libraries. | ||
| 650 | 0 |
_aMetallurgy _vCongresses. |
|
| 650 | 0 |
_aMaterials science _vCongresses. |
|
| 655 | 0 | _aElectronic books. | |
| 700 | 1 |
_aKao, Jimmy C. M. _q(Jimmy Chih-Ming), _d1963- |
|
| 700 | 1 | _aSung, Wen-Pei. | |
| 700 | 1 | _aChan, Ren. | |
| 711 | 2 | _aInternational Conference on Chemical Engineering, Metallurgical Engineering and Metallic Materials (2nd : 2013 : Dali, China) | |
| 797 | 2 | _aebrary. | |
| 856 | 4 | 0 |
_uhttp://site.ebrary.com/lib/rucke/Doc?id=10777892 _zAn electronic book accessible through the World Wide Web; click to view |
| 999 |
_c131430 _d131430 |
||